Answers are North American Countries - Statistics

General Stats
  • This quiz has been taken 667 times
  • The average score is 15 of 23
Answer Stats
Hint Answer % Correct
This is the most populous Spanish speaking country Mexico
97%
Usain Bolt was born here Jamaica
91%
The only Central American country not bordering the Atlantic El Salvador
90%
This is the only english speaking country in Central America Belize
89%
This country takes up the majority of Hispaniola Dominican Republic
87%
Where the bay of pigs invasion happened Cuba
82%
This country has the most lakes in the world Canada
80%
This country is 11km from Venezuela Trinidad and Tobago
77%
This country fought the Football War against El Salvador Honduras
75%
This country contains the city of St Louis United States
75%
This country's capital is Castries St Lucia
69%
Least populous country in North America St Kitts and Nevis
67%
Columbus "discovered" this country on December 4, 1492 Haiti
60%
Three diamonds make a V-shape on this country's flag St Vincent and the Grenadines
59%
Ometepe is an island in a lake with the same name as the country Nicaragua
58%
The U.S owned part of this country until December 31, 1999 Panama
56%
This country is just north of Guadeloupe Antigua and Barbuda
54%
New Providence is the largest island in this country Bahamas
52%
This country contains the ruins of Quirigua Guatemala
52%
This country's main export is Nutmeg Grenada
48%
The second largest city in this country is Liberia Costa Rica
42%
Mount Hillaby is the highest mountain on this country Barbados
40%
This country is home to Morne Trois Pitons National Park Dominica
40%
No matching quizzes found
Score Distribution
Percent of People with Each Score
Percentile by Number Answered
Your Score History
You have not taken this quiz